Welcome to the Holygrace Academy Library

Please use search bar below to get started

ALAHAYUDE PENMAKKAL (Record no. 7183)

MARC details
000 -LEADER
fixed length control field 00314nam a22001457a 4500
020 ## - INTERNATIONAL STANDARD BOOK NUMBER
ISBN 978-81-226-1389-6
082 ## - DEWEY DECIMAL CLASSIFICATION NUMBER
Classification number 894.812.3
Item number SAR/A
100 ## - MAIN ENTRY--AUTHOR NAME
Personal name JOSEPH SARAH
245 ## - TITLE STATEMENT
Title ALAHAYUDE PENMAKKAL
260 ## - PUBLICATION, DISTRIBUTION, ETC. (IMPRINT)
Place of publication THRISSUR
Name of publisher CURRENT BOOKS
Year of publication 2023
300 ## - PHYSICAL DESCRIPTION
Number of Pages 176
520 ## - SUMMARY, ETC.
Summary, etc NOVEL
650 ## - SUBJECT ADDED ENTRY--TOPICAL TERM
Topical Term NOVEL
942 ## - ADDED ENTRY ELEMENTS (KOHA)
Koha item type Books
Holdings
Withdrawn status Lost status Collection code Home library Current library Shelving location Date acquired Source of acquisition Cost, normal purchase price Full call number Accession Number Koha item type
    Fiction Main Library Main Library NEW SHELF WITH NEW ENTRY 11/11/2023 Purchase 260.00 894.812.3 SAR/A 13328 Books